Lo que vi en Moscú /

محفوظ في:
التفاصيل البيبلوغرافية
المؤلف الرئيسي: Beraud, Heri (autor)
التنسيق: كتاب
اللغة:الإسبانية
منشور في: París, Francia : Alejandro Walker, hacia 1925
الوسوم: إضافة وسم
لا توجد وسوم, كن أول من يضع وسما على هذه التسجيلة!

MARC

LEADER 00000nam^a2200000^a^4500
001 000432123
005 20250526000000.0
009 20260310123005.873
037 |a Acervo ITESO - Biblioteca 
041 |a ESP 
091 |a FHM. 05868 
100 |a Beraud, Heri  |e (autor) 
245 1 0 |a Lo que vi en Moscú / 
264 1 |a París, Francia :  |b Alejandro Walker,  |c hacia 1925 
300 |a XII, 242 p. ;  |c 18.0 cm. 
336 |a texto  |b txt  |2 rdacontenido 
337 |a sin mediación  |b n  |2 rdamedio 
338 |a volumen  |b nc  |2 rdasoporte 
649 |a XX 
910 |a Fondo Hugo B. Margáin 
920 |a Impresos - Libros 
930 |a Libros Antiguos y Raros 
905 |a 126 
901 |a 0500305853  |b IT2  |c LRA  |i D108432  |u 20250526 
902 |a https://opac.biblio.iteso.mx/vufind/Record/000432123